000 00445nam a2200181Ia 4500
001 20788
005 20260306172831.0
008 260306t2015||||xx |||||||||||||| ||spa||
041 _aESP
082 _a343.8
_bB45
100 _aBernal Rojas, Josué Alfredo
_eAUT
245 0 _aLlenado del pdt 621 soluciones practicas
260 _c2015
300 _a62 páginas :
_c24 cm.
650 _aGEN
654 _aCDE
942 _cLIB
_dJUS
_fJUS
_2ddc
_n
999 _c20788
_d20788